Movies Quiz

Random Movies or Actor Quiz

24 Movie Posters with Half-Faces Quiz Stats

Quiz Updated Sep 14, 2017

Challenge
Share
Tweet
Score 0/24 Timer 06:00
2 Plays Today
Hint Answer % Correct
Men in Black 3
97.5%
Spider-Man 2
97%
Avatar
81.1%
The Revenant
79.5%
Face/Off
78.3%
Iron Man
76.8%
The Queen
76.1%
Die Hard
69.2%
Silver Linings Playbook
68.5%
Teenage Mutant Ninja Turtles
65.4%
Pineapple Express
61.7%
Batman v Superman: Dawn of Justice
60.1%
Hint Answer % Correct
Eternal Sunshine of the Spotless Mind
58.5%
The Curious Case of Benjamin Button
53.9%
Lucy
53.5%
American History X
52.8%
After Earth
47.4%
Total Recall
42.5%
Chappie
39.4%
Bicentennial Man
37.7%
Waterworld
36.5%
The Ides of March
34.3%
Children of Men
32.5%
Finding Neverland
24.2%

You're not logged in!

Compare scores with friends on all Sporcle quizzes.
Sign Up with Email
OR
Log In

You Might Also Like...

Show Comments

Extras

Top Quizzes Today


Score Distribution

Your Account Isn't Verified!

In order to create a playlist on Sporcle, you need to verify the email address you used during registration. Go to your Sporcle Settings to finish the process.

Report this User

Report this user for behavior that violates our Community Guidelines.

Details: